| 000 | 00526nam a2200193Ia 4500 | ||
|---|---|---|---|
| 003 | OSt | ||
| 005 | 20200120131359.0 | ||
| 008 | 190216s9999||||xx |||||||||||||| ||und|| | ||
| 020 | _a9788188646036 | ||
| 040 | _coclc | ||
| 082 |
_a339 _bRAN/M |
||
| 100 |
_aRana, K C _9554 |
||
| 245 | 0 |
_aMacroeconomic Analysis / _cK C Rana ; K N Verma |
|
| 250 | _a8th ed. | ||
| 260 |
_bVishal Publcations, _c2003. _aJalandhar: |
||
| 300 | _a690p | ||
| 650 | _aEconomics | ||
| 942 |
_cBK _2ddc _h339 _iRAN/M _k339 _mRAN/M |
||
| 999 |
_c10749 _d10749 |
||